000 00485nam a22001337a 4500
008 131210b xxu||||| |||| 00| 0 eng d
050 _aREF BS2341.52.G86 2010
100 _aGundry, Robert H.
_95438
245 _aCommentary on the New Testament
_bVerse-by-Verse Explanations with a Literal Translation
_c Robert H. Gundry
260 _aMassachusetts
_bHendrickson Publishers
_c2010
300 _ax, 1072p. ;
_c27cm.
650 _aBible N.T.
_xCommentaries
_95439
942 _2lcc
_cREFERENCE
999 _c119177
_d119177